000 00722nam a2200205Ia 4500
003 BUBTL
008 151213s9999 xx 000 0 und d
082 _a341.6'754/HAB
100 _aHorland, Cristopher
_93980
245 _aBasic Documents On International Humanitarian Law - South Asia Collection ( Treaties , National Lizitation , Cos - Law and Other Documents)
_cEd. By Cristopher Horland
250 _a1st
260 _aNew Delhi India
_bInternational Committee of The Red Cross
_cc2010
300 _a[xii] , 1145p . :
_b22 cm.
650 _aLaw
_93981
650 _aLaw
_93981
700 _aEd. By Cristopher Horland
_93982
856 _k0
_l0
_yDownload
942 _2ddc
_cBK
999 _c4671
_d4671